Náhodný svátek k datu (velmi těžké) - Statistics

General Stats
  • This quiz has been taken 63 times
  • The average score is 6 of 20
Answer Stats
Datum Jméno % Correct
24. prosince Adam, Eva
100%
14. října Agáta
100%
21. června Alois
100%
26. července Anna
100%
4. prosince Barbora, Bára
100%
24. srpna Bartoloměj
100%
12. listopadu Benedikt
100%
23. září Berta
100%
10. května Blažena
100%
22. srpna Bohuslav
100%
7. července Bohuslava
100%
9. července Drahoslava, Berenika
100%
16. března Elena, Herbert
100%
5. října Eliška
100%
26. května Filip
100%
8. března Gabriela, Zoltán
100%
15. srpna Hana
100%
29. února Horymír
100%
1. prosince Iva
100%
24. května Jana, Vanesa
100%
15. září Jolana
100%
29. prosince Judita
100%
31. května Kamila
100%
25. listopadu Kateřina
100%
8. prosince Květoslava
100%
22. března Leona, Leontina, Lea
100%
15. listopadu Leopold
100%
1. září Linda, Samuel
100%
16. února Ljuba
100%
13. prosince Lucie
100%
6. prosince Mikuláš
100%
10. února Mojmír
100%
2. února Nela
100%
20. listopadu Nikola, Nikita
100%
6. srpna Oldřiška
100%
27. srpna Otakar
100%
2. července Patricie
100%
22. února Petr, Etel
100%
12. ledna Pravoslav
100%
7. září Regína
100%
9. srpna Roman
100%
30. června Šárka, Vlastimír
100%
31. prosince Silvestr
100%
28. března Soňa
100%
31. října Štěpánka
100%
23. února Svatopluk
100%
14. února Valentýn, Valentýna
100%
25. května Viola
100%
20. května Zbyšek
100%
2. září Adéla
75%
21. února Lenka, Eleonora
75%
30. prosince David
67%
4. srpna Dominik
67%
29. srpna Evelína
67%
31. července Ignác
67%
20. ledna Ilona, Sebastián
67%
25. června Ivan
67%
6. května Radoslav
67%
15. ledna Alice
50%
11. března Anděla, Angelika
50%
13. června Antonín
50%
2. prosince Blanka
50%
5. července Cyril, Metoděj
50%
11. prosince Dana
50%
10. dubna Darja
50%
19. ledna Doubravka
50%
19. prosince Ester
50%
16. dubna Irena, Bernadeta
50%
24. září Jaromír
50%
24. dubna Jiří
50%
5. prosince Jitka
50%
10. prosince Julie
50%
3. března Kamil
50%
2. ledna Karina, Vasil
50%
1. června Laura
50%
28. února Lumír
50%
13. července Markéta
50%
18. prosince Miloslav
50%
3. srpna Miluše
50%
20. září Oleg
50%
30. listopadu Ondřej
50%
22. června Pavla
50%
18. listopadu Romana
50%
19. dubna Rostislav
50%
12. února Slavěna, Slávka
50%
30. října Tadeáš
50%
7. března Tomáš
50%
7. února Veronika
50%
18. ledna Vladislav, Vladislava
50%
23. prosince Vlasta
50%
27. prosince Žaneta
50%
29. ledna Zdislava, Zdeslava
50%
5. srpna Kristián
40%
17. listopadu Mahulena
40%
26. června Adrian
33%
17. května Aneta
33%
9. února Apolena
33%
14. května Bonifác
33%
11. února Božena, Dezider
33%
11. června Bruno
33%
8. dubna Ema
33%
24. listopadu Emilie
33%
26. října Erik
33%
24. března Gabriel, Zbyslav
33%
6. října Hanuš
33%
17. října Hedvika
33%
1. dubna Hugo
33%
5. května Klaudie
33%
17. září Naděžda
33%
8. července Nora
33%
17. srpna Petra
33%
29. dubna Robert
33%
6. února Vanda, Danuše
33%
13. února Věnceslav, Věnceslava
33%
10. března Viktorie
33%
7. ledna Vilma
33%
26. září Andrea
29%
14. srpna Alan
25%
22. května Emil
25%
19. května Ivo
25%
29. května Maxmilián, Maxim
25%
6. března Miroslav
25%
29. listopadu Zina
25%
14. června Roland
20%
16. srpna Jáchym
17%
26. ledna Zora, Danica
17%
17. června Adolf
0%
21. listopadu Albert
0%
16. prosince Albína
0%
13. srpna Alena
0%
13. dubna Aleš
0%
27. února Alexandr
0%
21. dubna Alexandra
0%
3. května Alexej, Timea
0%
19. listopadu Alžběta
0%
15. dubna Anastázie, Stáza
0%
11. října Andrej
0%
2. března Anežka
0%
12. června Antonie
0%
30. března Arnošt, Ernest
0%
26. listopadu Artur, Artuš
0%
28. srpna Augustýn
0%
25. října Beáta
0%
1. března Bedřich, Bedřiška
0%
21. ledna Běla
0%
7. prosince Benjamín
0%
20. srpna Bernard
0%
30. dubna Blahoslav
0%
3. února Blažej
0%
9. listopadu Bohdan
0%
11. ledna Bohdana
0%
3. října Bohumil
0%
28. prosince Bohumila
0%
8. listopadu Bohumír
0%
6. září Boleslav
0%
12. července Bořek
0%
5. září Boris
0%
30. července Bořivoj
0%
10. ledna Břetislav
0%
21. října Brigita
0%
3. září Bronislav
0%
22. listopadu Cecilie
0%
19. července Čeněk
0%
8. ledna Čestmír
0%
9. května Ctibor
0%
16. ledna Ctirad
0%
20. prosince Dagmar
0%
4. června Dalibor
0%
5. ledna Dalimil
0%
17. prosince Daniel
0%
9. září Daniela
0%
22. září Darina
0%
11. září Denisa
0%
4. ledna Diana
0%
27. března Dita
0%
5. února Dobromila
0%
5. června Dobroslav
0%
26. února Dorota
0%
18. července Drahomíra, Drahuše
0%
17. ledna Drahoslav
0%
9. dubna Dušan
0%
13. ledna Edita
0%
18. března Eduard
0%
20. července Eliáš, Ilja
0%
26. března Emanuel
0%
2. dubna Erika
0%
10. listopadu Evžen
0%
22. dubna Evženie
0%
1. listopadu Felix
0%
30. května Ferdinand
0%
4. října František, Francis
0%
9. března Františka, Rebeka
0%
10. června Gita
0%
18. února Gizela
0%
2. srpna Gustav
0%
16. října Havel
0%
18. srpna Helena
0%
7. dubna Heřman, Hermína
0%
3. listopadu Hubert
0%
1. února Hynek
0%
15. března Ida
0%
1. října Igor
0%
27. ledna Ingrid
0%
10. září Irma
0%
4. dubna Ivana
0%
7. června Iveta, Slavoj
0%
23. března Ivona
0%
11. dubna Izabela
0%
25. července Jakub
0%
24. června Jan
0%
2. června Jarmil
0%
4. února Jarmila
0%
27. dubna Jaroslav
0%
1. července Jaroslava
0%
30. září Jeroným, Ráchel
0%
28. října Jidáš, Alfred
0%
15. července Jindřich
0%
4. září Jindřiška
0%
15. února Jiřina, Jorga
0%
21. srpna Johana
0%
27. září Jonáš
0%
19. března Josef
0%
12. dubna Julius, Julian
0%
7. října Justina
0%
4. listopadu Karel, Karla
0%
14. července Karolína
0%
5. března Kazimír
0%
12. srpna Klára
0%
23. listopadu Klement
0%
24. července Kristýna
0%
18. září Kryštof
0%
20. června Květa
0%
4. května Květoslav
0%
31. března Kvido
0%
7. srpna Lada
0%
27. června Ladislav
0%
19. června Leoš
0%
6. listopadu Liběna, Leonard
0%
23. července Libor
0%
10. července Libuše, Amálie
0%
25. února Liliana, Lilie
0%
28. června Lubomír
0%
13. září Lubor
0%
16. července Luboš
0%
26. srpna Luděk
0%
16. září Ludmila
0%
19. srpna Ludvík
0%
18. října Lukáš
0%
14. prosince Lydie
0%
22. července Magdalena
0%
12. října Marcel
0%
20. dubna Marcela
0%
25. dubna Marek
0%
25. března Marian
0%
8. září Mariana
0%
12. září Marie
0%
31. ledna Marika, Spytihněv
0%
10. října Marina
0%
29. července Marta
0%
11. listopadu Martin
0%
17. července Martina
0%
24. února Matěj, Matyáš
0%
21. září Matouš
0%
8. června Medard
0%
19. října Michaela, Michala
0%
29. září Michal, Michael
0%
8. února Milada,
0%
18. června Milan
0%
24. ledna Milena
0%
17. února Miloslava
0%
25. ledna Miloš, Milota
0%
5. listopadu Miriam
0%
5. dubna Miroslava
0%
21. května Monika
0%
21. prosince Natálie
0%
18. května Nataša
0%
24. října Nina
0%
6. června Norbert
0%
20. února Oldřich
0%
11. července Olga
0%
2. října Olivie, Oliver
0%
1. srpna Oskar
0%
16. listopadu Otmar, Otomar
0%
26. dubna Oto
0%
28. ledna Otýlie
0%
12. května Pankrác
0%
19. února Patrik
0%
31. srpna Pavlína
0%
29. června Petr, Pavel
0%
16. května Přemysl
0%
4. července Prokop
0%
15. prosince Radana
0%
21. března Radek, Vesna
0%
25. srpna Radim
0%
14. září Radka
0%
3. ledna Radmila
0%
3. července Radomír
0%
14. ledna Radovan, Radúz
0%
12. března Řehoř
0%
13. října Renáta
0%
28. listopadu René
0%
3. dubna Richard
0%
30. ledna Robin, Robyn, Erna
0%
17. dubna Rudolf
0%
14. března Rut, Matylda
0%
13. března Růžena
0%
22. října Sabina
0%
23. srpna Sandra
0%
9. října Sára
0%
27. října Šarlota, Zoe
0%
7. listopadu Saskie
0%
14. listopadu Sáva
0%
13. května Servác
0%
29. října Silvie, Sylva
0%
22. prosince Šimon
0%
12. prosince Simona
0%
22. ledna Slavomír, Slavomíra
0%
8. srpna Soběslav
0%
7. května Stanislav
0%
9. června Stanislava
0%
4. března Stella
0%
26. prosince Štěpán, Štefan
0%
11. května Svatava
0%
3. prosince Svatoslav
0%
20. března Světlana
0%
3. června Tamara, Kevin
0%
29. března Taťána, Táňa
0%
15. října Tereza
0%
23. října Theodor
0%
13. listopadu Tibor
0%
2. listopadu Tobiáš
0%
28. září Václav
0%
27. května Valdemar
0%
18. dubna Valérie
0%
10. srpna Vavřinec
0%
20. října Vendelín
0%
6. dubna Vendula, Venuše
0%
8. října Věra
0%
27. července Věroslav
0%
28. července Viktor
0%
28. května Vilém
0%
14. dubna Vincent
0%
15. června Vít
0%
21. července Vítězslav
0%
9. ledna Vladan, Valtr
0%
30. srpna Vladěna, Vlaďka
0%
23. května Vladimír
0%
17. března Vlastimil
0%
28. dubna Vlastislav
0%
23. dubna Vojtěch
0%
9. prosince Vratislav
0%
27. listopadu Xenie
0%
16. června Zbyněk
0%
23. ledna Zdeněk
0%
23. června Zdeňka, Zdenka
0%
2. května Zikmund
0%
19. září Zita
0%
25. září Zlata
0%
15. května Žofie
0%
11. srpna Zuzana
0%
No matching quizzes found
Score Distribution
Percent of People with Each Score
Percentile by Number Answered
Your Score History
You have not taken this quiz